Normal view
MARC view
Entry Topical Term
001 - CONTROL NUMBER
- control field: 17851
003 - CONTROL NUMBER IDENTIFIER
- control field: OSt
005 - DATE AND TIME OF LATEST TRANSACTION
- control field: 20200302142346.0
008 - FIXED-LENGTH DATA ELEMENTS
- fixed length control field: 200302|| aca||aabn | a|a d
040 ## - CATALOGING SOURCE
- Original cataloging agency: OSt
- Transcribing agency: OSt
150 ## - HEADING--TOPICAL TERM
- Topical term or geographic name entry element: Superheroes
670 ## - SOURCE DATA FOUND
- Source citation: Work cat.: (OSt): Davis, Adam. 17850, Spiderman : a hot dog, a real dog, and an octopus /, 2017.